| 000 | 00710nam a2200193 4500 | ||
|---|---|---|---|
| 003 | LK-CoMWRAF | ||
| 005 | 20231213211449.0 | ||
| 008 | 231213b |||||||| |||| 00| 0 eng d | ||
| 020 | _a9559021176 | ||
| 040 |
_aLK-CoMWRAF _dLK-CoMWRAF _eLK-CoMWRAF |
||
| 041 | _asin | ||
| 082 |
_a323 _bSIS |
||
| 245 | _aශිෂ්ය කේන්ද්රීය මානව හිමිකම් පාඨමාලාව | ||
| 246 | _aSisya keendriya manawa himikam prayoogika patamalawa | ||
| 260 |
_aකොළඹ : _bමානව හිමිකම් කේන්ද්රය _c1998 |
||
| 650 | _aමානව හිමිකම් | ||
| 700 |
_aඒකනායක, එස්. බී. _eed. |
||
| 942 | _cBK | ||
| 999 |
_c4431 _d4431 |
||